Christmas program builder no.5/ (Record no. 5538)
[ view plain ]
| 000 -LEADER | |
|---|---|
| fixed length control field | 00787cam a2200253Ia 4500 |
| 001 - CONTROL NUMBER | |
| control field | 18803570 |
| 003 - CONTROL NUMBER IDENTIFIER | |
| control field | OCoLC |
| 005 - DATE AND TIME OF LATEST TRANSACTION | |
| control field | 20190107164404.0 |
| 008 - FIXED-LENGTH DATA ELEMENTS--GENERAL INFORMATION | |
| fixed length control field | 881126m19439999moug 000 0 eng d |
| 040 ## - CATALOGING SOURCE | |
| Original cataloging agency | KTS |
| Transcribing agency | KTS |
| Modifying agency | IXT |
| -- | OCLCQ |
| -- | BSC |
| 082 ## - DEWEY DECIMAL CLASSIFICATION NUMBER | |
| Classification number | 263.91 |
| Item number | R177C |
| 092 ## - LOCALLY ASSIGNED DEWEY CALL NUMBER (OCLC) | |
| Classification number | 394.268282 |
| Item number | C555Li |
| 245 00 - TITLE STATEMENT | |
| Title | Christmas program builder no.5/ |
| Remainder of title | recitations-Dialogues-Acrostics-pageants-songs/ |
| Statement of responsibility, etc. | Compiled by Grace Ramquist |
| 260 ## - PUBLICATION, DISTRIBUTION, ETC. | |
| Place of publication, distribution, etc. | Kansas City, Mo. : |
| Name of publisher, distributor, etc. | Lillenas Pub., |
| Date of publication, distribution, etc. | 1943- |
| 300 ## - PHYSICAL DESCRIPTION | |
| Extent | v. :48.p; |
| Other physical details | music ; |
| Dimensions | 23 cm. |
| 500 ## - GENERAL NOTE | |
| General note | V. 34- compiled by Evelyn Stenbock. |
| 650 #0 - SUBJECT ADDED ENTRY--TOPICAL TERM | |
| Topical term or geographic name entry element | Worship programs. |
| 650 #0 - SUBJECT ADDED ENTRY--TOPICAL TERM | |
| Topical term or geographic name entry element | Christmas |
| Form subdivision | Poetry. |
| 650 #0 - SUBJECT ADDED ENTRY--TOPICAL TERM | |
| Topical term or geographic name entry element | Christmas plays. |
| 650 #0 - SUBJECT ADDED ENTRY--TOPICAL TERM | |
| Topical term or geographic name entry element | Christmas music. |
| 700 1# - ADDED ENTRY--PERSONAL NAME | |
| Personal name | Grace Ramquist |
| Dates associated with a name | 1929- |
| 700 1# - ADDED ENTRY--PERSONAL NAME | |
| Personal name | Grace Ramquist |
| 942 ## - ADDED ENTRY ELEMENTS (KOHA) | |
| Source of classification or shelving scheme | Dewey Decimal Classification |
| Koha item type | Books |
| Withdrawn status | Lost status | Source of classification or shelving scheme | Damaged status | Not for loan | Collection code | Home library | Current library | Shelving location | Date acquired | Cost, normal purchase price | Total Checkouts | Full call number | Barcode | Date last seen | Price effective from | Koha item type |
|---|---|---|---|---|---|---|---|---|---|---|---|---|---|---|---|---|
| Dewey Decimal Classification | Non-fiction | Harvest Mission College | Harvest Mission College | General Stacks | 07.01.2019 | 120.00 | 263.91 R177C | 006372 | 07.01.2019 | 07.01.2019 | Books |
